Southville International School and Colleges
Your cart is empty.
  • Cart
  • Lists
    Public lists Eva Luna New books Lux_list list_1
    Your lists Log in to create your own lists
  • Log in to your account
  • Your cookies
  • Search history
Southville International School and Colleges
  • Advanced search
  • Recent comments
  • Most popular
  • Libraries

Log in to your account

Log in with GOOGLE


If you do not have an external account, but do have a local account, you can still log in:

  1. Home
  2. MARC view: Science, technology, and society /
Normal view MARC view ISBD view

Science, technology, and society / (Record no. 357420)

[ view plain ]
MARC details
000 -LEADER
fixed length control field 00717nam a2200241Ia 4500
008 - FIXED-LENGTH DATA ELEMENTS--GENERAL INFORMATION
fixed length control field 180523s9999 xx 000 0 und d
020 ## - INTERNATIONAL STANDARD BOOK NUMBER
International Standard Book Number 981-4119-59-8
050 ## - LIBRARY OF CONGRESS CALL NUMBER
Classification number MAIN Q 175.5
050 ## - LIBRARY OF CONGRESS CALL NUMBER
Item number .M34 1991 c.2
100 ## - MAIN ENTRY--PERSONAL NAME
Personal name McGinn, Robert E.
245 #0 - TITLE STATEMENT
Title Science, technology, and society /
245 #0 - TITLE STATEMENT
Statement of responsibility, etc Robert E. McGinn.
260 ## - PUBLICATION, DISTRIBUTION, ETC. (IMPRINT)
Place of publication, distribution, etc Singapore :
260 ## - PUBLICATION, DISTRIBUTION, ETC. (IMPRINT)
Name of publisher, distributor, etc Pearson Education South Asia,
260 ## - PUBLICATION, DISTRIBUTION, ETC. (IMPRINT)
Date of publication, distribution, etc 1991
300 ## - PHYSICAL DESCRIPTION
Extent 302 pages :
300 ## - PHYSICAL DESCRIPTION
Other physical details illustrations ;
300 ## - PHYSICAL DESCRIPTION
Dimensions 21 cm.
440 ## - SERIES STATEMENT/ADDED ENTRY--TITLE
Title Prentice-Hall foundations of modern sociology series
500 ## - GENERAL NOTE
General note Includes bibliographical references and index.
650 ## - SUBJECT ADDED ENTRY--TOPICAL TERM
Topical term or geographic name as entry element Science -- Social aspects.
650 ## - SUBJECT ADDED ENTRY--TOPICAL TERM
General subdivision Technology -- Social aspects.
Holdings
Withdrawn status Lost status Damaged status Home library Current library Shelving location Date acquired Cost, normal purchase price Total Checkouts Full call number Barcode Date last seen Price effective from Koha item type
      South Mansfield College South Mansfield College   03/07/2005 245.00   MAIN Q 175.5 .M34 1991 c.2 SMC01111 05/23/2018 05/23/2018  

Science, technology, and society /

APA

McGinn R. E., .Science, technology, and society. Singapore: .

Chicago

McGinn Robert E, .Science, technology, and society. Singapore: .

Harvard

McGinn R. E., .Science, technology, and society. Singapore: .

MLA

McGinn Robert E, .Singapore: . .

  • Place hold
  • Print
  • Cite
  • Add to your cart (remove)
  • Save record
    BIBTEX Dublin Core MARCXML MARC (non-Unicode/MARC-8) MARC (Unicode/UTF-8) MARC (Unicode/UTF-8, Standard) MODS (XML) RIS
  • More searches
    Search for this title in:
    Other Libraries (WorldCat) Other Databases (Google Scholar) Online Stores (Bookfinder.com) Open Library (openlibrary.org)

Exporting to Dublin Core...

SOUTHVILLE LIBRARY

Southville International School and Colleges Library

1281 Tropical Ave. Cor. Luxembourg St., BF Homes International, Las Pinas City

Tel. No. 8256374 / 252358 Loc. 117/146

Powered by Koha